Llwytho...

Stylistics/

Manylion Llyfryddiaeth
Prif Awdur: Richard Bradford
Fformat: Printed Book
Cyhoeddwyd: London: Routledge, 1997.
Pynciau:
LEADER 00563nam a22001691a 4500
020 |a 9780415097680 
082 |a 808  |b RIC/S 
100 |a Richard Bradford  |9 131072 
245 |a Stylistics/  |c by Richard Bradford 
260 |a London:  |b Routledge,  |c 1997. 
300 |a 215p. 
650 |a Literary Style   |9 131073 
650 |a Rhetoric   |9 131074 
650 |a Literature  |9 131075 
942 |c BK 
999 |c 45155  |d 45155 
952 |0 0  |1 0  |4 0  |6 808_000000000000000_RIC_S  |7 0  |9 65148  |a SSUS  |b SSUS  |c STACKS  |d 2015-01-08  |g 50.00  |l 5  |o 808 RIC/S  |p 028739  |r 2017-10-10  |s 2017-09-27  |v 0.00  |w 2015-01-08  |y BK